01658nam2a22002531 4500001001500000005001700015035002600032100004100058101000800099102000700107105001800114200001200132210001800144215001800162316041000180320008700590461045600677702011501133801003101248801002801279801003201307801003701339852002801376v19\rc\142527820260406143403.0 a(NLR Aleph) 005236288 a20060818d1914 |||y0rusy50 ca0 arus aRU ay z |||||0 a[Ч. 1] d1914aБ. м. a106, 1544 с. aЭкз. РНБ на шифре 37.26а.1.1(1914-1) с экслибрисом Библиотеки Николая II: "Собственная Его Величества Библиотека: Зимний Дворец" и монограмма "Н II"aВ конце кн. рукоп. помета: Кн. поступ. N 152 12 февр.1915 г. из конм. Его Велич.5NLR: 37.26а.1.1(1914-1) aАлфавит гражданским чинам: с. 3-106 первой паг. 01001RU\NLR\19V\92698012001#$aСписок гражданским чинам четвертого класса$eисправлен по 1-е марта 1914 г.$v[Ч. 1]cПетроградd1914nИздание Инспекторского отдела Собственной Е. И. В. канцелярииoисправлен по 1-е марта 1914 г.tСписок гражданским чинам четвертого классаv[Ч. 1] 043908rus7caaНиколайcимператор российскийdIIf1868-19183RU\NLR\AUTH\773750 2aRUbNLRc200910202rusmarc 0aRUbNLRc20060818gpsbo 0aRUbRuMoRGBc200608182psbo 1aRUbProSoft-Mc200608182rusmarc aNLRj37.26a.1.1(1914-1)